| 000 | 00512nam a2200181Ia 4500 | ||
|---|---|---|---|
| 008 | 230516s2012 xx 000 0 und d | ||
| 041 | _aeng | ||
| 082 |
_a615.19 _bSET |
||
| 100 | _aSETHI P. D. | ||
| 245 | _aSETHI'S QUANTITATIVE ANALYSIS OF PHARMACEUTICAL FORMULATIONS METHODS WITH REACTION MECHANISM VOL 3 | ||
| 250 | _a4TH | ||
| 260 |
_aNEW DELHI _bCBS PUBLICATION & DISTRIBUTORS _c2012 |
||
| 300 | _a487 | ||
| 365 | _h10 | ||
| 500 | _aHB | ||
| 520 | _aPQA | ||
| 650 | _aPHARMACEUTICAL QUALITY ASSURANCE | ||
| 999 |
_c384508 _d384508 |
||